Great minds think alike / (Record no. 8854)
[ view plain ]
| 000 -LEADER | |
|---|---|
| fixed length control field | 01270nam a22002417a 4500 |
| 001 - CONTROL NUMBER | |
| control field | 8854 |
| 003 - CONTROL NUMBER IDENTIFIER | |
| control field | FISKH |
| 005 - DATE AND TIME OF LATEST TRANSACTION | |
| control field | 20251023113300.0 |
| 008 - FIXED-LENGTH DATA ELEMENTS--GENERAL INFORMATION | |
| fixed length control field | 251023b cb ||||| |||| 00| 0 eng d |
| 040 ## - CATALOGING SOURCE | |
| Original cataloging agency | FISKH |
| Language of cataloging | eng |
| Transcribing agency | FISKH |
| Modifying agency | FISKH |
| 050 ## - LIBRARY OF CONGRESS CALL NUMBER | |
| Classification number | PZ7.P535 B |
| 082 ## - DEWEY DECIMAL CLASSIFICATION NUMBER | |
| Classification number | 741.5973 |
| 100 ## - MAIN ENTRY--PERSONAL NAME | |
| Personal name | Peirce, Lincoln |
| 245 ## - TITLE STATEMENT | |
| Title | Great minds think alike / |
| Statement of responsibility, etc. | By Lincoln Peirce |
| 250 ## - EDITION STATEMENT | |
| Edition statement | First Scholastic printing , September 2014 |
| 260 ## - PUBLICATION, DISTRIBUTION, ETC. | |
| Place of publication, distribution, etc. | New York : |
| Name of publisher, distributor, etc. | Sholastic , |
| Date of publication, distribution, etc. | 2014. |
| 300 ## - PHYSICAL DESCRIPTION | |
| Extent | 223 pages : |
| Other physical details | color illustrations ; |
| Dimensions | 23 cm . |
| 490 ## - SERIES STATEMENT | |
| Series statement | Big Nate |
| Volume/sequential designation | Comic 11 |
| 520 ## - SUMMARY, ETC. | |
| Summary, etc. | Two heads are better than one, except when they're crashing into each other! But that won't prevent Big Nate and his pals from hatching great ideas for fun. Nate Wright is a wisecracking 11-year-old who knows he's destined for greatness. Nate is the star of Big Nate, the comic strip that made its debut in 1991. Nate is a sixth-grade chess prodigy, a self-described genius, and the all-time record holder for detentions in school history. He's often in hot water with his teachers and classmates, but Nate's winning personality and can-do attitude always make him a big hit with readers. |
| 650 ## - SUBJECT ADDED ENTRY--TOPICAL TERM | |
| Topical term or geographic name entry element | Prince Edward Island |
| Form subdivision | Comic Book |
| 942 ## - ADDED ENTRY ELEMENTS (KOHA) | |
| Source of classification or shelving scheme | Dewey Decimal Classification |
| Koha item type | Books |
| Suppress in OPAC | No |
| Withdrawn status | Lost status | Source of classification or shelving scheme | Damaged status | Not for loan | Collection | Home library | Current library | Shelving location | Date acquired | Total Checkouts | Full call number | Barcode | Date last seen | Date last checked out | Price effective from | Koha item type |
|---|---|---|---|---|---|---|---|---|---|---|---|---|---|---|---|---|
| Dewey Decimal Classification | Fiction | Footprints International School Library Network Toul Tom Poung Campus | Footprints International School Library Network Toul Tom Poung Campus | TTP Comic Books all Levels | 10/23/2025 | 1 | PEI 741.5973 PZ7.P535 B | FIS05490 | 01/23/2026 | 01/21/2026 | 10/23/2025 | Books |
